[Event "FRA-chT2 East 0809"]
[Site "France"]
[Date "2009.04.05"]
[Round "11.2"]
[White "Anka, Emil"]
[Black "Broca, Alexandre"]
[Result "1/2-1/2"]
[WhiteElo "2394"]
[BlackElo "2143"]
[PlyCount "66"]
[EventDate "2008.10.19"]
[EventType "team-tourn"]
[EventRounds "11"]
[EventCountry "FRA"]
[SourceTitle "EXT 2010"]
[Source "ChessBase"]
[SourceDate "2010.11.25"]
[SourceVersion "1"]
[SourceVersionDate "2010.11.25"]
[SourceQuality "1"]
[WhiteTeam "Mundolsheim"]
[BlackTeam "Grenoble"]
[WhiteTeamCountry "FRA"]
[BlackTeamCountry "FRA"]

1. d4 Nf6 2. Nf3 e6 3. c4 b6 4. g3 Ba6 5. b3 Bb4+ 6. Bd2 Be7 7. Bg2 Bb7 8. Nc3 d6 9. Qc2 Nbd7 10. e4 c5 11. d5 e5 12. Nh4 g6 13. Bh3 h6 14. 0-0 Nh7 15. Ng2 Ng5 16. Bg4 Nf6 17. Be2 Nh3+ 18. Kh1 h5 19. f3 Kf8 20. Nd1 Kg7 21. Nde3 h4 22. g4 Nd7 23. f4 exf4 24. Nxf4 Nxf4 25. Rxf4 Bg5 26. Rf2 Ne5 27. Raf1 Rf8 28. Qc1 f6 29. h3 Qe7 30. Qc3 Bc8 31. Bc1 Bd7 32. Ng2 a6 33. a4 a5 1/2-1/2

[Event "FRA-chT2 East 0708"]
[Site "France"]
[Date "2008.03.15"]
[Round "8.1"]
[White "Broca, Alexandre"]
[Black "Gladyszev, Oleg"]
[Result "0-1"]
[WhiteElo "2149"]
[BlackElo "2485"]
[PlyCount "64"]
[EventDate "2007.10.21"]
[EventType "team"]
[EventRounds "11"]
[EventCountry "FRA"]
[SourceTitle "EXT 2009"]
[Source "ChessBase"]
[SourceDate "2008.11.26"]
[SourceVersion "1"]
[SourceVersionDate "2008.11.26"]
[SourceQuality "1"]
[WhiteTeam "Grenoble"]
[BlackTeam "Metz Fischer II"]
[WhiteTeamCountry "FRA"]
[BlackTeamCountry "FRA"]

1. d4 Nf6 2. c4 g6 3. Nc3 Bg7 4. e4 d6 5. Nf3 0-0 6. Be2 e5 7. 0-0 Nc6 8. d5 Ne7 9. Ne1 Nd7 10. Nd3 f5 11. Bd2 Nf6 12. f3 f4 13. c5 g5 14. cxd6 cxd6 15. Nf2 h5 16. h3 Ng6 17. Qc2 Rf7 18. Rfc1 Nh4 19. a4 Bf8 20. Ra3 g4 21. fxg4 hxg4 22. Bxg4 Rg7 23. Be1 Nxg4 24. Nxg4 Bxg4 25. hxg4 Rxg4 26. Bxh4 Qxh4 27. Nb5 Be7 28. Rc3 Bd8 29. a5 Bxa5 30. Rc8+ Rxc8 31. Qxc8+ Kh7 32. Qf5+ Rg6 0-1

[Event "FRA-chT2B 0506"]
[Site "France"]
[Date "2005.12.04"]
[Round "4.6"]
[White "Rouquet, Ronan"]
[Black "Broca, Alexandre"]
[Result "0-1"]
[WhiteElo "2000"]
[BlackElo "2120"]
[PlyCount "54"]
[EventDate "2005.10.27"]
[EventType "team-tourn"]
[EventRounds "11"]
[EventCountry "FRA"]
[SourceTitle "EXT 2006"]
[Source "ChessBase"]
[SourceDate "2005.11.24"]
[SourceVersion "1"]
[SourceVersionDate "2005.11.24"]
[SourceQuality "1"]
[WhiteTeam "Orcher La Tour II"]
[BlackTeam "Rueil Malmaison"]
[WhiteTeamCountry "FRA"]
[BlackTeamCountry "FRA"]

1. d4 d5 2. c4 e5 3. dxe5 d4 4. Nf3 Nc6 5. g3 Be6 6. Nbd2 Qd7 7. Bg2 Nge7 8. 0-0 0-0-0 9. a3 Kb8 10. b4 Ng6 11. Bb2 Bh3 12. Bxh3 Qxh3 13. Ng5 Qf5 14. Ngf3 Be7 15. Qb1 Qh3 16. Ne4 Ngxe5 17. Qc1 h6 18. Nxe5 Nxe5 19. f3 Qe6 20. Rd1 f5 21. Nd2 Bf6 22. Rb1 Rhe8 23. h3 Ng6 24. Re1 Qe3+ 25. Kg2 f4 26. Ne4 Rxe4 27. fxe4 Qxg3+ 0-1

[Event "FRA-chT2 0405"]
[Site "France"]
[Date "2005.02.06"]
[Round "7.5"]
[White "Broca, Alexandre"]
[Black "Bartha, Sandor"]
[Result "1/2-1/2"]
[WhiteElo "2112"]
[BlackElo "2207"]
[PlyCount "94"]
[EventDate "2004.10.10"]
[EventType "team"]
[EventRounds "11"]
[EventCountry "FRA"]
[SourceTitle "EXT 2006"]
[Source "ChessBase"]
[SourceDate "2005.11.24"]
[SourceVersion "1"]
[SourceVersionDate "2005.11.24"]
[SourceQuality "1"]
[WhiteTeam "Rueil Malmaison"]
[BlackTeam "Bagneux"]
[WhiteTeamCountry "FRA"]
[BlackTeamCountry "FRA"]

1. e4 c5 2. Nf3 d6 3. d4 cxd4 4. Nxd4 Nf6 5. Nc3 a6 6. Bg5 e6 7. f4 Be7 8. Qf3 Qc7 9. 0-0-0 Nc6 10. Nb3 Bd7 11. Bd3 0-0-0 12. Kb1 h6 13. Bxf6 Bxf6 14. Ne2 h5 15. c4 a5 16. c5 a4 17. cxd6 Qb6 18. e5 axb3 19. a3 Bxe5 20. fxe5 Nxe5 21. Qg3 f6 22. Be4 g5 23. Rd4 Nc6 24. Rc1 Kb8 25. Bxc6 Bxc6 26. Rb4 Qa6 27. Nd4 Bd5 28. Nb5 h4 29. Qf2 Bc6 30. Rc5 f5 31. Rxb3 Rh7 32. Rb4 Bxb5 33. Rcxb5 Qxd6 34. Ka2 Rc7 35. Ra5 e5 36. Qxf5 Rc5 37. Rxc5 Qxc5 38. Qxg5 Qd5+ 39. Rb3 Rg8 40. Qxh4 Rxg2 41. Qh8+ Ka7 42. Qh6 e4 43. a4 Rd2 44. Qb6+ Kb8 45. h4 Rd3 46. h5 Rxb3 47. Qxb3 Qxh5 1/2-1/2

[Event "FRA-chT2 0405"]
[Site "France"]
[Date "2004.12.05"]
[Round "4.3"]
[White "Piot, Olivier"]
[Black "Broca, Alexandre"]
[Result "1/2-1/2"]
[WhiteElo "2240"]
[BlackElo "2112"]
[PlyCount "111"]
[EventDate "2004.10.10"]
[EventType "team"]
[EventRounds "11"]
[EventCountry "FRA"]
[SourceTitle "EXT 2006"]
[Source "ChessBase"]
[SourceDate "2005.11.24"]
[SourceVersion "1"]
[SourceVersionDate "2005.11.24"]
[SourceQuality "1"]
[WhiteTeam "Rosny sous Bois"]
[BlackTeam "Rueil Malmaison"]
[WhiteTeamCountry "FRA"]
[BlackTeamCountry "FRA"]

1. d4 Nf6 2. c4 c5 3. d5 b5 4. cxb5 a6 5. bxa6 g6 6. Nc3 Bxa6 7. g3 d6 8. Bg2 Bg7 9. Nf3 Nbd7 10. Rb1 0-0 11. 0-0 Qa5 12. Qc2 Rfb8 13. b3 Rb7 14. Rd1 Rab8 15. Bb2 Qb4 16. Nd2 Ne5 17. a3 Qg4 18. Bf1 Qh5 19. h3 g5 20. Ba1 Ra7 21. g4 Qh4 22. Nde4 h5 23. Qd2 Nh7 24. Ng3 Bc8 25. Nxh5 Bh6 26. Bg2 f5 27. Ng3 fxg4 28. hxg4 Bxg4 29. Nce4 Bg7 30. a4 Rf8 31. Qe3 Rc7 32. Bc3 Bc8 33. Nf1 Rf4 34. Ned2 Rg4 35. Ng3 Qh6 36. Nf3 Nf7 37. Bxg7 Kxg7 38. Rdc1 Rf4 39. Rc4 Nf6 40. Nh2 Ne5 41. Qc3 Qg6 42. Rb2 Nxc4 43. bxc4 Rb7 44. Rxb7 Bxb7 45. e3 Rh4 46. e4 Bc8 47. e5 dxe5 48. Qxe5 Rxc4 49. Qxe7+ Qf7 50. Qe5 g4 51. Nhf1 Kf8 52. a5 Qe7 53. Qb8 Qb7 54. Qe5 Qe7 55. Qb8 Qb7 56. Qe5 1/2-1/2

[Event "Issy les Moulineaux tt"]
[Site "Issy les Moulineaux"]
[Date "2004.11.21"]
[Round "1"]
[White "Debray, Christopher"]
[Black "Broca, Alexandre"]
[Result "1-0"]
[WhiteElo "2178"]
[BlackElo "2118"]
[PlyCount "45"]
[EventDate "2004.11.21"]
[EventType "team"]
[EventRounds "7"]
[EventCountry "FRA"]
[SourceTitle "EXT 2007"]
[Source "ChessBase"]
[SourceDate "2006.11.23"]
[SourceVersion "1"]
[SourceVersionDate "2006.11.23"]
[SourceQuality "1"]

1. d4 c5 2. d5 Nf6 3. Nc3 e5 4. e4 d6 5. f4 Bg4 6. Be2 Bxe2 7. Qxe2 Nbd7 8. Nf3 Be7 9. f5 0-0 10. g4 Nxg4 11. Rg1 Ngf6 12. Bh6 Ne8 13. Ng5 Qb6 14. Nxh7 Qxb2 15. Kd2 Kxh7 16. Bxg7 Nef6 17. Qe3 Nxe4+ 18. Qxe4 Qb4 19. f6+ Qxe4 20. Nxe4 Rg8 21. Rg3 Bf8 22. Rag1 Rxg7 23. fxg7 1-0

[Event "FRA-ch op-A"]
[Site "Val d'Isere"]
[Date "2002.08.29"]
[Round "8.4"]
[White "Broca, Alexandre"]
[Black "Chabradze, Boris"]
[Result "1-0"]
[WhiteElo "2126"]
[BlackElo "2100"]
[PlyCount "81"]
[EventDate "2002.08.20"]
[EventType "swiss"]
[EventRounds "11"]
[EventCountry "FRA"]
[SourceTitle "EXT 2003"]
[Source "ChessBase"]
[SourceDate "2002.11.25"]
[SourceVersion "1"]
[SourceVersionDate "2002.11.25"]
[SourceQuality "1"]

1. e4 c5 2. Nf3 d6 3. d4 cxd4 4. Nxd4 Nf6 5. Nc3 a6 6. Bg5 e6 7. f4 Be7 8. Qf3 Qc7 9. 0-0-0 Nbd7 10. g4 b5 11. Bxf6 Nxf6 12. g5 Nd7 13. f5 Bxg5+ 14. Kb1 Ne5 15. Qh5 Qd8 16. Nxe6 Bxe6 17. fxe6 0-0 18. Rg1 Bf6 19. Bh3 fxe6 20. Bxe6+ Kh8 21. Nd5 Qe8 22. Qh3 Ra7 23. Rg3 g6 24. Rc3 Nd7 25. Rc6 Be5 26. Bg4 Nc5 27. Rc8 Qf7 28. Rf1 Rxc8 29. Rxf7 Rxf7 30. Bxc8 Nxe4 31. c3 Nd2+ 32. Kc2 Rf2 33. Qh4 Ne4+ 34. Kc1 Nc5 35. Nb4 Bf4+ 36. Kd1 Rd2+ 37. Ke1 g5 38. Qh6 Kg8 39. Be6+ Nxe6 40. Qxe6+ Kg7 41. Nd5 1-0

[Event "FRA-ch op-A"]
[Site "Val d'Isere"]
[Date "2002.08.??"]
[Round "9.2"]
[White "Broca, Alexandre"]
[Black "Camus de Solliers, Guillaume"]
[Result "0-1"]
[WhiteElo "2126"]
[BlackElo "2133"]
[PlyCount "47"]
[EventDate "2002.08.20"]
[EventType "swiss"]
[EventRounds "11"]
[EventCountry "FRA"]
[SourceTitle "EXT 2003"]
[Source "ChessBase"]
[SourceDate "2002.11.25"]
[SourceVersion "1"]
[SourceVersionDate "2002.11.25"]
[SourceQuality "1"]

1. f4 d5 2. Nf3 g6 3. e3 Bg7 4. c4 Nf6 5. d4 c5 6. Na3 0-0 7. Bd2 Ne4 8. cxd5 Bg4 9. Be2 Qxd5 10. Nb5 Qd8 11. dxc5 Na6 12. c6 bxc6 13. Nbd4 Qb6 14. Qc2 Nxd2 15. Qxd2 c5 16. Nb5 Rad8 17. Qc1 Nb4 18. 0-0 Nd3 19. Qc4 Nxb2 20. Qc2 Bxf3 21. Rxf3 Qa5 22. a4 Rd2 23. Qxc5 Rxe2 24. Qxa7 0-1

[Event "FRA-ch op-A"]
[Site "Val d'Isere"]
[Date "2002.08.??"]
[Round "7.9"]
[White "Strugnell, Carl"]
[Black "Broca, Alexandre"]
[Result "0-1"]
[WhiteElo "2079"]
[BlackElo "2126"]
[PlyCount "80"]
[EventDate "2002.08.20"]
[EventType "swiss"]
[EventRounds "11"]
[EventCountry "FRA"]
[SourceTitle "EXT 2003"]
[Source "ChessBase"]
[SourceDate "2002.11.25"]
[SourceVersion "1"]
[SourceVersionDate "2002.11.25"]
[SourceQuality "1"]

1. e4 e5 2. Nc3 Nc6 3. g3 Bc5 4. Bg2 d6 5. Na4 Be6 6. a3 Nf6 7. h3 0-0 8. b4 Bb6 9. Ne2 d5 10. Bb2 dxe4 11. Nxb6 axb6 12. Nc3 Bf5 13. g4 Bg6 14. h4 h6 15. g5 Bh5 16. Qc1 Nd5 17. Nxd5 Qxd5 18. gxh6 Qc4 19. Bf1 Qe6 20. hxg7 Rfd8 21. c3 Rd3 22. Rg1 f6 23. Qb1 Rad8 24. Bxd3 exd3 25. Qa2 Rd5 26. Rg3 Ne7 27. Kf1 Be2+ 28. Kg2 e4 29. Rg1 Nf5 30. Qc4 Nxh4+ 31. Kh1 Bf3+ 32. Kh2 Ng6 33. Rh3 Qe5+ 34. Rgg3 Kxg7 35. Qb3 e3 36. fxe3 Be4 37. c4 Qf5 38. Rxg6+ Qxg6 39. Bxf6+ Kxf6 40. Qc3+ Kf7 0-1

[Event "Issy les Moulineaux tt"]
[Site "Issy les Moulineaux"]
[Date "2000.06.10"]
[Round "1.1"]
[White "Broca, Alexandre"]
[Black "Demarre, Jacques"]
[Result "1/2-1/2"]
[WhiteElo "2116"]
[BlackElo "2324"]
[PlyCount "113"]
[EventDate "2000.06.10"]
[EventType "team"]
[EventRounds "7"]
[EventCountry "FRA"]
[SourceTitle "EXT 2007"]
[Source "ChessBase"]
[SourceDate "2006.11.23"]
[SourceVersion "1"]
[SourceVersionDate "2006.11.23"]
[SourceQuality "1"]

1. Nf3 Nf6 2. c4 g6 3. b4 Bg7 4. Bb2 d6 5. e3 c5 6. a3 0-0 7. Be2 b6 8. 0-0 Bb7 9. Nc3 Nbd7 10. Qb3 Rb8 11. d4 a6 12. d5 b5 13. cxb5 axb5 14. Bxb5 Nxd5 15. Be2 cxb4 16. axb4 Nc5 17. Qc4 Nxb4 18. Nb5 Bxb2 19. Rab1 Be4 20. Rxb2 Nbd3 21. Rbb1 d5 22. Qc3 Rc8 23. Na7 Rc7 24. Nb5 Rc8 25. Na7 Ra8 26. Nc6 Qd6 27. Nb4 Nxf2 28. Rbc1 Na4 29. Qd4 Ng4 30. Rc6 Qd7 31. h3 Rab8 32. hxg4 Rxb4 33. Qxb4 Qxc6 34. Bb5 Rb8 35. Bxa4 Rxb4 36. Bxc6 Rb2 37. Rf2 Rb1+ 38. Kh2 Rc1 39. Bb5 Kg7 40. Ng5 f5 41. Ne6+ Kf6 42. Bd7 Ke5 43. gxf5 Re1 44. Ng5 Rxe3 45. fxg6 hxg6 46. Nf7+ Kd4 47. Bg4 Re1 48. Kg3 Ke3 49. Ne5 d4 50. Nc4+ Kd3 51. Nd2 Bd5 52. Nf1 e5 53. Rd2+ Kc3 54. Rd1 Rxd1 55. Bxd1 e4 56. Kf4 Kd3 57. Ba4 1/2-1/2